Napoleon in Egypt : August 17 - September 30, 1990 : Hillwood Art Museum
محفوظ في:
المؤلف الرئيسي:
مؤلفون آخرون:
التنسيق: كتاب
اللغة: Undetermined
منشور في:
The Museum, Brookville, N.Y.
1990
الوسوم: إضافة وسم
لا توجد وسوم, كن أول من يضع وسما على هذه التسجيلة!
رقم الطلب: (P)DC225 .B76
| LEADER | 00388nam a2200133Ia 4500 | ||
|---|---|---|---|
| 008 | 240503s9999||||xx |||||||||||||| ||und|| | ||
| 050 | 4 | |a (P)DC225 .B76 | |
| 100 | 1 | |a Bob Brier | |
| 245 | 1 | 0 | |a Napoleon in Egypt : August 17 - September 30, 1990 : Hillwood Art Museum |
| 264 | 1 | |b The Museum, Brookville, N.Y. |c 1990 | |
| 300 | |a 48 |c 28 | ||
| 700 | 1 | |a Hillwood Art Museum | |
| 942 | |2 lcc |c PT | ||
| 999 | |c 58255 |d 58255 | ||
